| 000 | 00773nam a2200217Ii 4500 | ||
|---|---|---|---|
| 003 | JO-AjNU | ||
| 008 | 230605s9999||||xx |||||||||||||| ||und|| | ||
| 017 | _a2017/29070 | ||
| 020 | _a978-977-02-8656-2 | ||
| 040 |
_aJO-AjNU _bara _erda _cJO-AjNU |
||
| 041 | _aara | ||
| 050 | 1 | 4 | _aPJ6161.J3 2019 |
| 100 | 3 |
_aالجارم، على ؛ م .مشارك مصطفى امين, _eauthor _961952 |
|
| 245 | 0 | 0 | _aالبلاغة الواضحة ودليلها: البيان-المعاني- البديع للمدارس الثانويه |
| 264 | 3 | 1 | _aالقاهرة: دار المعارف، 2019 |
| 300 | _a156ص | ||
| 336 |
_atext _btxt _2rdacontent |
||
| 337 |
_aunmediated _bn _2rdamedia |
||
| 338 |
_avolume _bnc _2rdacarrier |
||
| 650 | 4 |
_aالبلاغة العربية _961953 |
|
| 999 |
_aA28029 _c31597 _d31597 |
||